[Event "2nd GP Series ((tie-break)) 2019"]
[Site "Riga LAT"]
[Date "2019.07.14"]
[Round "1"]
[White "Aronian, Levon"]
[Black "Yu, Yangyi"]
[Result "1/2-1/2"]
[WhiteElo "2756"]
[BlackElo "2736"]
[PlyCount "105"]
[EventDate "2019.07.12"]

1. c4 c6 2. Nf3 d5 3. e3 Nf6 4. d4 g6 5. Nc3 Bg7 6. Be2 O-O 7. O-O dxc4 8. Bxc4
Bg4 9. Be2 Nbd7 10. e4 Bxf3 11. Bxf3 e5 12. d5 cxd5 13. exd5 Re8 14. Bg5 h6 15.
Be3 e4 16. Be2 Nb6 17. Qb3 Nfxd5 18. Rad1 Nxc3 19. bxc3 Qc7 20. Bb5 Red8 21. c4
Nd7 22. Bxd7 Rxd7 23. Bf4 Qc6 24. Rxd7 Qxd7 25. Rd1 Qg4 26. Be3 Rc8 27. h3 Qe6
28. Qxb7 Qxc4 29. Qxa7 Qe2 30. Rb1 Qd3 31. Re1 Qd5 32. Qa4 Ra8 33. Qb3 Qxb3 34.
axb3 Rb8 35. Rb1 f5 36. Kf1 Kf7 37. b4 Rb5 38. Bc5 f4 39. Re1 e3 40. fxe3 Bc3
41. Rb1 fxe3 42. Ke2 Bd2 43. Kd3 Ke6 44. Bxe3 Rxb4 45. Rxb4 Bxb4 46. Bxh6 Kf7
47. g4 Ke6 48. Ke4 Kf7 49. Kd5 Be7 50. Bf4 Bf6 51. Be5 Be7 52. Ke4 Bf8 53. h4
1/2-1/2

[Event "2nd GP Series ((tie-break)) 2019"]
[Site "Riga LAT"]
[Date "2019.07.14"]
[Round "1"]
[White "Topalov, Veselin"]
[Black "Nakamura, Hikaru"]
[Result "1-0"]
[WhiteElo "2740"]
[BlackElo "2754"]
[PlyCount "93"]
[EventDate "2019.07.12"]

1. e4 e5 2. Nf3 Nc6 3. Bb5 Nf6 4. d3 Bc5 5. c3 O-O 6. Bg5 h6 7. Bh4 Be7 8. O-O
d6 9. Bg3 a6 10. Ba4 b5 11. Bc2 Re8 12. Nbd2 Bf8 13. Re1 Nh5 14. Nf1 Nxg3 15.
hxg3 g6 16. Ne3 Bg7 17. a4 Rb8 18. axb5 axb5 19. Bb3 Rf8 20. d4 b4 21. Bd5 Bd7
22. Ra6 Ne7 23. dxe5 dxe5 24. Bc4 bxc3 25. bxc3 Bc6 26. Qc2 Ra8 27. Rea1 Rxa6
28. Rxa6 Kh7 29. Ra5 f6 30. Nd2 Qd7 31. Nb3 Ra8 32. Nc5 Qd6 33. Rxa8 Bxa8 34.
Ne6 h5 35. Qb1 Qb6 36. Qxb6 cxb6 37. Bd5 Bc6 38. Bxc6 Nxc6 39. Nd5 b5 40. Kf1
f5 41. Ke2 Bh6 42. Nec7 Na7 43. exf5 gxf5 44. Ne7 f4 45. gxf4 exf4 46. Kf3 Nc6
47. Nxc6 1-0

[Event "Riga FIDE Grand Prix 2019"]
[Site "Riga LAT"]
[Date "2019.07.15"]
[Round "3"]
[White "Karjakin, Sergey"]
[Black "So, Wesley"]
[Result "1/2-1/2"]
[WhiteElo "2748"]
[BlackElo "2763"]
[PlyCount "34"]
[EventDate "2019.07.12"]

1. e4 e5 2. Nf3 Nf6 3. Nxe5 d6 4. Nf3 Nxe4 5. Nc3 Nxc3 6. dxc3 Be7 7. Be3 O-O
8. Qd2 Nd7 9. O-O-O Nf6 10. Bd3 c5 11. Bg5 Be6 12. Rhe1 d5 13. Qf4 Re8 14. Bb5
Rf8 15. Bd3 Re8 16. Bb5 Rf8 17. Bd3 Re8 1/2-1/2

[Event "Riga FIDE Grand Prix 2019"]
[Site "Riga LAT"]
[Date "2019.07.15"]
[Round "3"]
[White "Duda, Jan-Krzysztof"]
[Black "Mamedyarov, Shakhriyar"]
[Result "1/2-1/2"]
[WhiteElo "2729"]
[BlackElo "2765"]
[PlyCount "67"]
[EventDate "2019.07.12"]

1. Nf3 d5 2. g3 g6 3. Bg2 Bg7 4. d4 Nf6 5. O-O O-O 6. c4 c6 7. Nbd2 Bf5 8. b3
a5 9. Re1 Nbd7 10. Bb2 a4 11. Nh4 Be6 12. Qc2 b5 13. c5 Ne8 14. b4 f5 15. Ndf3
Kh8 16. Ne5 Nxe5 17. dxe5 f4 18. Nf3 Nc7 19. Nd4 Qd7 20. e3 g5 21. exf4 gxf4
22. Qe2 Rf7 23. Qh5 Raf8 24. Nxe6 Qxe6 25. Bh3 Qg6 26. Qxg6 hxg6 27. Bd4 e6 28.
Bg4 Bh6 29. Rad1 Rh7 30. Kg2 Kg7 31. Rd3 Kf7 32. a3 Na6 33. h4 Nb8 34. Bb2
1/2-1/2

[Event "Riga FIDE Grand Prix 2019"]
[Site "Riga LAT"]
[Date "2019.07.15"]
[Round "3"]
[White "Grischuk, Alexander"]
[Black "Yu, Yangyi"]
[Result "1/2-1/2"]
[WhiteElo "2766"]
[BlackElo "2736"]
[PlyCount "78"]
[EventDate "2019.07.12"]

1. d4 d5 2. c4 c6 3. Nf3 Nf6 4. Nc3 dxc4 5. a4 e6 6. e3 c5 7. Bxc4 cxd4 8. exd4
Be7 9. Bg5 Nc6 10. Qe2 O-O 11. Rd1 Nd5 12. h4 Bd7 13. O-O h6 14. Bc1 Ncb4 15.
Ne5 Bxh4 16. Qg4 f5 17. Qg6 Qe7 18. Nxd7 Qxd7 19. Rfe1 Rae8 20. Bxh6 Qf7 21.
Qxf7+ Kxf7 22. Bd2 Rd8 23. Nxd5 Nxd5 24. Rc1 Rfe8 25. g3 Bf6 26. Be3 Re7 27.
Bb3 Rd6 28. a5 b6 29. Bxd5 Rxd5 30. axb6 axb6 31. Rc6 Rb5 32. Re2 Rd7 33. Kg2
Rb3 34. Rc3 Rb4 35. Rc6 b5 36. Rb6 Rb3 37. Rd2 Rb4 38. Re2 Rb3 39. Rd2 Rb4
1/2-1/2

[Event "Riga FIDE Grand Prix 2019"]
[Site "Riga LAT"]
[Date "2019.07.15"]
[Round "3"]
[White "Topalov, Veselin"]
[Black "Vachier-Lagrave, Maxime"]
[Result "0-1"]
[WhiteElo "2740"]
[BlackElo "2775"]
[PlyCount "114"]
[EventDate "2019.07.12"]

1. e4 c5 2. Nf3 d6 3. d4 cxd4 4. Nxd4 Nf6 5. Nc3 a6 6. f3 e6 7. Be3 b5 8. Qd2
Nbd7 9. g4 b4 10. Nce2 h6 11. Nf4 Bb7 12. Qxb4 Qc8 13. Qd2 e5 14. Nf5 exf4 15.
Bxf4 Ne5 16. Be2 Qc7 17. O-O-O O-O-O 18. Kb1 g6 19. Ne3 Be7 20. c4 Kb8 21. Rc1
Nxe4 22. fxe4 Bxe4+ 23. Ka1 Bxh1 24. Rxh1 Bg5 25. Nd5 Bxf4 26. Qxf4 Qa7 27. Rc1
Rhe8 28. a3 Nc6 29. Bf3 g5 30. Qg3 Qc5 31. Bh1 Re2 32. Nc3 Re3 33. Qg2 Rc8 34.
Nd5 Rb3 35. Ka2 Rb7 36. b3 a5 37. Nc3 Qe3 38. Rc2 Qd3 39. Qd2 Qxd2 40. Rxd2 Re7
41. Rxd6 Rd8 42. Rxd8+ Nxd8 43. Be4 h5 44. gxh5 f5 45. Bxf5 Rf7 46. Bg6 Rf2+
47. Kb1 Rxh2 48. Ne4 g4 49. Kc1 Nc6 50. Kd1 Nd4 51. Ke1 Nxb3 52. Kf1 Nd4 53.
Ng3 Kc7 54. Be4 Nf3 55. c5 Nd2+ 56. Kg1 Rh3 57. Kg2 Nxe4 0-1

[Event "Dortmund Sparkassen 2019"]
[Site "Dortmund GER"]
[Date "2019.07.13"]
[Round "1"]
[White "Fridman, Daniel"]
[Black "Kulaots, Kaido"]
[Result "1-0"]
[WhiteElo "2638"]
[BlackElo "2560"]
[PlyCount "77"]
[EventDate "2019.07.13"]

1. e4 c5 2. c3 d5 3. exd5 Qxd5 4. d4 Nf6 5. Nf3 e6 6. Na3 Nc6 7. Be3 cxd4 8.
Nb5 Qd8 9. Nbxd4 Nd5 10. Bg5 f6 11. Nxc6 bxc6 12. Bd2 e5 13. Qc2 Be6 14. Bd3 g6
15. h4 Qd7 16. O-O-O Bc5 17. c4 Bxf2 18. Kb1 Rb8 19. h5 Ne7 20. Bc3 Bf5 21. g4
Bxd3 22. Rxd3 Qxg4 23. Qxf2 Qxc4 24. Rhd1 O-O 25. Qxa7 e4 26. Qxe7 exd3 27. Rc1
Rbe8 28. Qc7 Qe4 29. Nd2 Qd5 30. hxg6 hxg6 31. Rg1 g5 32. Qh2 Kg7 33. Qh5 Qg2
34. Nf3 d2 35. Bxd2 Qe2 36. Bc3 Qd3+ 37. Ka1 Kg8 38. Rxg5+ fxg5 39. Qxg5+ 1-0

[Event "Dortmund Sparkassen 2019"]
[Site "Dortmund GER"]
[Date "2019.07.13"]
[Round "1"]
[White "Dominguez Perez, Leinier"]
[Black "Nisipeanu, Liviu-Dieter"]
[Result "1-0"]
[WhiteElo "2760"]
[BlackElo "2672"]
[PlyCount "75"]
[EventDate "2019.07.13"]

1. e4 c5 2. Nf3 e6 3. d4 cxd4 4. Nxd4 Nc6 5. Nc3 a6 6. Be3 Nf6 7. Qf3 Bb4 8.
Nxc6 bxc6 9. Bd3 e5 10. Qg3 d6 11. O-O Nh5 12. Qf3 Nf6 13. Qg3 Nh5 14. Qf3 Nf6
15. Na4 Ba5 16. h3 O-O 17. Rad1 h6 18. Qg3 Nh5 19. Qf3 Nf6 20. Bc4 Bc7 21. Bc5
Re8 22. Rfe1 Rb8 23. Qa3 d5 24. exd5 cxd5 25. Bxd5 Nxd5 26. c4 Ba5 27. Rxd5 Qh4
28. Be7 Rxe7 29. Rxa5 Re6 30. Raxe5 Qxc4 31. Nc5 Rg6 32. Qf3 Qxa2 33. Re8+ Kh7
34. b3 Qd2 35. Qxf7 Rf6 36. Qg8+ Kg6 37. R8e2 Qf4 38. Nd3 1-0

[Event "Dortmund Sparkassen 2019"]
[Site "Dortmund GER"]
[Date "2019.07.13"]
[Round "1"]
[White "Radjabov, Teimour"]
[Black "Wojtaszek, Radoslaw"]
[Result "1/2-1/2"]
[WhiteElo "2759"]
[BlackElo "2737"]
[PlyCount "79"]
[EventDate "2019.07.13"]

1. e4 e5 2. Nf3 Nc6 3. Bb5 a6 4. Ba4 Nf6 5. O-O Be7 6. Re1 b5 7. Bb3 d6 8. c3
O-O 9. h3 Bb7 10. d4 Re8 11. Nbd2 Bf8 12. a3 h6 13. Bc2 d5 14. Nxe5 Nxe5 15.
dxe5 Rxe5 16. Nf3 Re8 17. e5 Ne4 18. Qe2 c5 19. Nd2 Rxe5 20. f3 c4 21. fxe4
Bc5+ 22. Kh1 dxe4 23. Nf1 e3 24. Bxe3 Bxe3 25. Nxe3 Qh4 26. Qg4 Qe7 27. Qxg7+
Kxg7 28. Nf5+ Rxf5 29. Rxe7 Rf2 30. Rxb7 Rxc2 31. Rf1 Rf8 32. Ra7 Rxb2 33. Rxa6
f5 34. Rf3 Rf6 35. Rg3+ Kf7 36. Ra7+ Ke6 37. Ra6+ Kf7 38. Ra7+ Ke6 39. Ra6+ Kf7
40. Ra7+ 1/2-1/2

[Event "Dortmund Sparkassen 2019"]
[Site "Dortmund GER"]
[Date "2019.07.14"]
[Round "2"]
[White "Nisipeanu, Liviu-Dieter"]
[Black "Radjabov, Teimour"]
[Result "0-1"]
[WhiteElo "2672"]
[BlackElo "2759"]
[PlyCount "80"]
[EventDate "2019.07.13"]

1. e4 e5 2. Nf3 Nc6 3. Bb5 Nf6 4. d3 Bc5 5. Bxc6 dxc6 6. Bg5 O-O 7. Nbd2 Re8 8.
Bh4 b5 9. O-O a5 10. a4 Qd6 11. Bg3 Bg4 12. h3 Bh5 13. Bh2 Nd7 14. g4 Bg6 15.
Nb3 Bb6 16. Nh4 f6 17. Nxg6 hxg6 18. Kg2 g5 19. c3 Nf8 20. Qc2 Qe7 21. Bg3 Ne6
22. Rfd1 Red8 23. c4 Qb4 24. axb5 cxb5 25. cxb5 Qxb5 26. Ra3 a4 27. Nd2 Bc5 28.
Rc3 Bb4 29. Rc4 Nd4 30. Qb1 Bxd2 31. Rxd2 c5 32. Rc3 Rd7 33. h4 gxh4 34. Bxh4
g5 35. Bg3 Kg7 36. Ra3 Nb3 37. Rd1 Rad8 38. Qa2 Rd4 39. Re1 Rb4 40. Qb1 Rxd3
0-1

[Event "Dortmund Sparkassen 2019"]
[Site "Dortmund GER"]
[Date "2019.07.14"]
[Round "2"]
[White "Nepomniachtchi, Ian"]
[Black "Kulaots, Kaido"]
[Result "1-0"]
[WhiteElo "2775"]
[BlackElo "2560"]
[PlyCount "97"]
[EventDate "2019.07.13"]

1. e4 c5 2. Nf3 d6 3. d4 cxd4 4. Nxd4 Nf6 5. Nc3 a6 6. h3 e5 7. Nde2 h5 8. g3
Be7 9. Bg2 Be6 10. a4 Nbd7 11. O-O O-O 12. Be3 Qc7 13. b3 Rfc8 14. a5 b5 15.
axb6 Nxb6 16. Ra2 a5 17. Qa1 Nbd7 18. Nb5 Qb8 19. c4 Bd8 20. Rd1 Ne8 21. Nec3
Bb6 22. Bxb6 Qxb6 23. Bf1 Nc5 24. Na4 Nxa4 25. Rxa4 h4 26. g4 Bd7 27. b4 Bxb5
28. bxa5 Rxa5 29. Rxa5 Bxc4 30. Rb1 Qd8 31. Bxc4 Rxc4 32. Qa2 Rc7 33. Ra8 Rc8
34. Ra7 Rc7 35. Rbb7 Rxb7 36. Rxb7 Qf6 37. Qa4 Qe6 38. Rb8 Kf8 39. g5 Qe7 40.
Kh2 Qe6 41. Qa8 Qd7 42. Rb7 Qe6 43. Qd8 g6 44. Ra7 Kg7 45. Re7 Qa2 46. Kg2 Qc4
47. Rxe8 Qxe4+ 48. Kh2 Qf4+ 49. Kg1 1-0

[Event "Dortmund Sparkassen 2019"]
[Site "Dortmund GER"]
[Date "2019.07.14"]
[Round "2"]
[White "Wojtaszek, Radoslaw"]
[Black "Fridman, Daniel"]
[Result "1-0"]
[WhiteElo "2737"]
[BlackElo "2638"]
[PlyCount "103"]
[EventDate "2019.07.13"]

1. c4 c6 2. Nf3 d5 3. e3 Nf6 4. Nc3 e6 5. d4 a6 6. b3 Bb4 7. Bd2 Nbd7 8. Bd3
O-O 9. O-O Bd6 10. Re1 h6 11. e4 dxc4 12. bxc4 e5 13. c5 Bc7 14. Qc2 exd4 15.
Ne2 Re8 16. Rad1 Qe7 17. Rc1 Rd8 18. Nexd4 Ne5 19. Nxe5 Qxe5 20. Nf3 Qe7 21. e5
Nd5 22. Qc4 Be6 23. Qe4 f5 24. exf6 Nxf6 25. Qg6 Qf7 26. Rxe6 Qxe6 27. Bc4 Rd5
28. Bxh6 Qf7 29. Qxf7+ Kxf7 30. Be3 Rad8 31. Rb1 R8d7 32. Kf1 Bb8 33. Bd4 Ke8
34. Bxd5 Nxd5 35. g3 Ba7 36. Ne5 Re7 37. f4 Kd8 38. Kf2 Nf6 39. Kf3 Kc7 40. h4
Nd7 41. Nxd7 Rxd7 42. Be5+ Kc8 43. Bd6 Bb8 44. Bxb8 Kxb8 45. g4 Rd5 46. Rc1 g6
47. Rh1 Rxc5 48. h5 gxh5 49. gxh5 Rf5 50. h6 Rf8 51. h7 Rh8 52. Ke4 1-0

[Event "Dortmund Sparkassen 2019"]
[Site "Dortmund GER"]
[Date "2019.07.14"]
[Round "2"]
[White "Rapport, Richard"]
[Black "Dominguez Perez, Leinier"]
[Result "1/2-1/2"]
[WhiteElo "2735"]
[BlackElo "2760"]
[PlyCount "93"]
[EventDate "2019.07.13"]

1. Nf3 d5 2. g3 Nf6 3. Bg2 e6 4. O-O Be7 5. c4 O-O 6. b3 c5 7. cxd5 Nxd5 8. Bb2
Nc6 9. d4 cxd4 10. Nxd4 Bd7 11. Na3 Bf6 12. Rc1 Nxd4 13. Bxd4 Bc6 14. Nc4 Nb4
15. Bxf6 Qxf6 16. Qd2 Bxg2 17. Kxg2 Nc6 18. Rfd1 Rfd8 19. Qe3 Rxd1 20. Rxd1 Rd8
21. Rd2 h6 22. h4 Qe7 23. f3 b5 24. Rxd8+ Qxd8 25. Ne5 Nxe5 26. Qxe5 a6 27. a4
bxa4 28. bxa4 a5 29. h5 Qd2 30. Qb5 Kf8 31. Qc5+ Kg8 32. Kf2 Kh7 33. f4 g6 34.
hxg6+ Kxg6 35. Kf3 Qe1 36. Qc2+ Kg7 37. Qb2+ Kg8 38. Kg2 Qb4 39. Qxb4 axb4 40.
a5 b3 41. a6 b2 42. a7 b1=Q 43. a8=Q+ Kg7 44. Qf3 Qa1 45. Qg4+ Kh7 46. Qf3 Kg7
47. Qg4+ 1/2-1/2

[Event "Riga FIDE Grand Prix 2019"]
[Site "Riga LAT"]
[Date "2019.07.16"]
[Round "4"]
[White "So, Wesley"]
[Black "Karjakin, Sergey"]
[Result "1/2-1/2"]
[WhiteElo "2763"]
[BlackElo "2748"]
[PlyCount "37"]
[EventDate "2019.07.12"]

1. d4 Nf6 2. c4 e6 3. Nc3 Bb4 4. f3 d5 5. a3 Be7 6. e4 dxe4 7. fxe4 c5 8. d5
O-O 9. Bd3 Bd6 10. Bg5 Nbd7 11. Nf3 exd5 12. Nxd5 h6 13. Bh4 Qa5+ 14. Qd2 Qxd2+
15. Kxd2 Ng4 16. Be7 Bxe7 17. Nxe7+ Kh8 18. Rhe1 Nge5 19. Rad1 1/2-1/2

[Event "Riga FIDE Grand Prix 2019"]
[Site "Riga LAT"]
[Date "2019.07.16"]
[Round "4"]
[White "Mamedyarov, Shakhriyar"]
[Black "Duda, Jan-Krzysztof"]
[Result "1/2-1/2"]
[WhiteElo "2765"]
[BlackElo "2729"]
[PlyCount "77"]
[EventDate "2019.07.12"]

1. d4 d5 2. c4 c6 3. Nf3 Nf6 4. g3 g6 5. Bg2 Bg7 6. O-O O-O 7. Qb3 Qb6 8. Nc3
Rd8 9. Rd1 Bf5 10. Ne1 Qxb3 11. axb3 Na6 12. cxd5 cxd5 13. Ra5 Nc7 14. Bf4 b6
15. Raa1 Nfe8 16. Nd3 Bc8 17. e4 Bb7 18. e5 Ne6 19. Be3 f5 20. b4 Bf8 21. b5
N6c7 22. Nb4 e6 23. Nc6 Bxc6 24. bxc6 b5 25. Rdc1 Rdb8 26. Ne2 a5 27. Nf4 Kf7
28. Nd3 a4 29. Nc5 Be7 30. Nd7 Rd8 31. Bf1 Ra6 32. Nc5 Rb6 33. Nd7 Ra6 34. Nc5
Rb6 35. b3 axb3 36. Nxb3 Ra8 37. Rxa8 Nxa8 38. Bd2 Nec7 39. Ba5 1/2-1/2

[Event "Riga FIDE Grand Prix 2019"]
[Site "Riga LAT"]
[Date "2019.07.16"]
[Round "4"]
[White "Yu, Yangyi"]
[Black "Grischuk, Alexander"]
[Result "1/2-1/2"]
[WhiteElo "2736"]
[BlackElo "2766"]
[PlyCount "43"]
[EventDate "2019.07.12"]

1. d4 Nf6 2. c4 e6 3. Nf3 d5 4. g3 Be7 5. Bg2 O-O 6. O-O dxc4 7. Qc2 b5 8. a4
b4 9. Nbd2 Bb7 10. Nxc4 c5 11. Rd1 Be4 12. Qb3 Nc6 13. dxc5 Na5 14. Nxa5 Qxa5
15. Ne5 Rac8 16. Bf4 Bxc5 17. Rac1 Bxg2 18. Kxg2 Qa6 19. Rc2 Bd6 20. Nd7 Rxc2
21. Qxc2 Rc8 22. Nxf6+ 1/2-1/2

[Event "Riga FIDE Grand Prix 2019"]
[Site "Riga LAT"]
[Date "2019.07.16"]
[Round "4"]
[White "Vachier-Lagrave, Maxime"]
[Black "Topalov, Veselin"]
[Result "1/2-1/2"]
[WhiteElo "2775"]
[BlackElo "2740"]
[PlyCount "24"]
[EventDate "2019.07.12"]

1. e4 c5 2. Nf3 d6 3. Bb5+ Nd7 4. Ba4 Ngf6 5. O-O e5 6. c3 Be7 7. Re1 O-O 8. d4
Qc7 9. dxe5 Nxe5 10. Nxe5 dxe5 11. c4 Be6 12. Qe2 h6 1/2-1/2

[Event "Dortmund Sparkassen 2019"]
[Site "Dortmund GER"]
[Date "2019.07.16"]
[Round "3"]
[White "Kulaots, Kaido"]
[Black "Wojtaszek, Radoslaw"]
[Result "1/2-1/2"]
[WhiteElo "2560"]
[BlackElo "2737"]
[PlyCount "81"]
[EventDate "2019.07.13"]

1. e4 c6 2. d4 d5 3. Nc3 dxe4 4. Nxe4 Bf5 5. Ng3 Bg6 6. h4 h6 7. Nf3 Nd7 8. h5
Bh7 9. Bd3 Bxd3 10. Qxd3 e6 11. Bd2 Ngf6 12. O-O-O Be7 13. Kb1 Qb6 14. Rhe1 O-O
15. Nf5 Bb4 16. Bxb4 Qxb4 17. c3 Qa5 18. Ng3 Rad8 19. Qc2 c5 20. dxc5 Qxc5 21.
Rd4 Nb6 22. Qd3 Rxd4 23. Qxd4 Qxd4 24. Nxd4 Nbd5 25. Nb5 a6 26. Nd6 b5 27. Nde4
Rd8 28. Kc2 Ng4 29. Ne2 Rc8 30. a3 f5 31. Nd6 Rc6 32. Nb7 Rc7 33. Nd8 e5 34.
Ng3 f4 35. Nf5 Rc8 36. Ne6 Rc6 37. Nexg7 Kf7 38. Rd1 Ngf6 39. Re1 Ng4 40. Rd1
Ngf6 41. Re1 1/2-1/2

[Event "Dortmund Sparkassen 2019"]
[Site "Dortmund GER"]
[Date "2019.07.16"]
[Round "3"]
[White "Fridman, Daniel"]
[Black "Nisipeanu, Liviu-Dieter"]
[Result "0-1"]
[WhiteElo "2638"]
[BlackElo "2672"]
[PlyCount "76"]
[EventDate "2019.07.13"]

1. d4 Nf6 2. c4 d6 3. Nf3 g6 4. g3 Bg7 5. Bg2 O-O 6. Nc3 Nbd7 7. O-O e5 8. e4
exd4 9. Nxd4 Re8 10. Re1 Nc5 11. Nb3 Ne6 12. Be3 a5 13. h3 Bd7 14. a4 Bc6 15.
Nd4 Nxd4 16. Bxd4 Nd7 17. Bxg7 Kxg7 18. Nb5 Bxb5 19. axb5 Nc5 20. Qd4+ Kg8 21.
Re3 Qe7 22. f4 a4 23. Rae1 Rad8 24. Qc3 Qf8 25. Kh2 Re6 26. Qa5 Qe7 27. e5 dxe5
28. Rxe5 b6 29. Qc3 Rd3 30. Qc2 Rxe5 31. Rxe5 Qd6 32. Bd5 Rb3 33. Kh1 Rxg3 34.
Qf2 Rxh3+ 35. Kg2 Qd7 36. Rg5 Rd3 37. f5 Rxd5 38. cxd5 Ne4 0-1

[Event "Dortmund Sparkassen 2019"]
[Site "Dortmund GER"]
[Date "2019.07.16"]
[Round "3"]
[White "Dominguez Perez, Leinier"]
[Black "Nepomniachtchi, Ian"]
[Result "1-0"]
[WhiteElo "2760"]
[BlackElo "2775"]
[PlyCount "49"]
[EventDate "2019.07.13"]

1. e4 c6 2. d4 d5 3. e5 c5 4. dxc5 e6 5. Bd3 Bxc5 6. Qg4 Ne7 7. b4 h5 8. Qf4
Bb6 9. Nf3 Nbc6 10. Nbd2 a5 11. b5 Nb4 12. Ba3 Nxd3+ 13. cxd3 Bd7 14. Qa4 Nf5
15. Rc1 g5 16. h3 Rc8 17. Rxc8 Qxc8 18. Ke2 Qb8 19. Nb3 Qa7 20. Rc1 g4 21. hxg4
hxg4 22. Qxg4 Bxf2 23. Nc5 Bg3 24. Rh1 Rf8 25. Rh5 1-0

[Event "Dortmund Sparkassen 2019"]
[Site "Dortmund GER"]
[Date "2019.07.16"]
[Round "3"]
[White "Radjabov, Teimour"]
[Black "Rapport, Richard"]
[Result "1/2-1/2"]
[WhiteElo "2759"]
[BlackElo "2735"]
[PlyCount "55"]
[EventDate "2019.07.13"]

1. d4 Nf6 2. c4 e6 3. Nf3 b6 4. g3 Bb7 5. Bg2 Be7 6. Nc3 Ne4 7. Qc2 Nxc3 8.
Qxc3 O-O 9. O-O c5 10. Rd1 Bf6 11. Qb3 cxd4 12. Nxd4 Bxg2 13. Kxg2 Qe7 14. Nf3
d6 15. Bf4 e5 16. Be3 Nc6 17. Qa3 Rfd8 18. Nd2 e4 19. Rac1 Rac8 20. Nb3 Qe6 21.
Nd4 Bxd4 22. Bxd4 Ne7 23. Qxa7 Ra8 24. Qxb6 Rdb8 25. Qc7 Rc8 26. Qb6 Rcb8 27.
Qc7 Rc8 28. Qb6 1/2-1/2

[Event "Dortmund Sparkassen 2019"]
[Site "Dortmund GER"]
[Date "2019.07.17"]
[Round "4"]
[White "Rapport, Richard"]
[Black "Fridman, Daniel"]
[Result "*"]
[WhiteElo "2735"]
[BlackElo "2638"]
[PlyCount "110"]
[EventDate "2019.07.13"]

1. e4 e5 2. Nf3 Nf6 3. Nc3 Nc6 4. Bb5 Bb4 5. O-O O-O 6. d3 d6 7. Ne2 Ne7 8. c3
Ba5 9. Ng3 c6 10. Ba4 Ng6 11. d4 Re8 12. Bc2 d5 13. Bg5 exd4 14. Nxd4 h6 15.
Bxf6 Qxf6 16. f4 dxe4 17. Nxe4 Qh4 18. Qd3 Bc7 19. Rae1 Bg4 20. h3 Bd7 21. Re2
Qd8 22. Ref2 b6 23. b4 a5 24. b5 c5 25. Ne2 Bf5 26. N2g3 Qxd3 27. Bxd3 Rad8 28.
Nf6+ gxf6 29. Bxf5 Re3 30. Nh5 Rxc3 31. Nxf6+ Kg7 32. Nh5+ Kf8 33. Re2 Rc4 34.
g3 Rcd4 35. Nf6 Rd2 36. Rfe1 Rxe2 37. Rxe2 Ne7 38. Nh7+ Ke8 39. Nf6+ Kf8 40.
Nh7+ Ke8 41. Bc2 Rd4 42. Nf6+ Kd8 43. Kg2 Bd6 44. h4 c4 45. Kf3 Bc5 46. h5 Nd5
47. Ng4 Nc3 48. Rh2 Rd6 49. Ne5 Ke7 50. Nxc4 Re6 51. a4 Re1 52. Rd2 f6 53. Kg4
Ne2 54. Kf5 Nxg3+ 55. Kg6 Rh1 *

[Event "Dortmund Sparkassen 2019"]
[Site "Dortmund GER"]
[Date "2019.07.17"]
[Round "4"]
[White "Nisipeanu, Liviu-Dieter"]
[Black "Kulaots, Kaido"]
[Result "1/2-1/2"]
[WhiteElo "2672"]
[BlackElo "2560"]
[PlyCount "134"]
[EventDate "2019.07.13"]

1. Nf3 Nf6 2. c4 g6 3. Nc3 d5 4. cxd5 Nxd5 5. e4 Nxc3 6. dxc3 Qxd1+ 7. Kxd1 f6
8. h4 e5 9. h5 g5 10. Be3 Nd7 11. Nh2 Nc5 12. f3 Be6 13. Kc2 Bd6 14. Be2 Ke7
15. Rhd1 Bf7 16. g4 Ne6 17. Nf1 Nf4 18. Bb5 Be6 19. Ng3 Rhd8 20. Rd2 Kf7 21.
Ba4 Be7 22. Bb3 Rxd2+ 23. Bxd2 Bxb3+ 24. axb3 a6 25. b4 Rd8 26. Nf5 Rd7 27. c4
Ne6 28. b5 axb5 29. cxb5 Bc5 30. Ra8 Rd8 31. Rxd8 Nxd8 32. Kd3 Ne6 33. Kc4 Ke8
34. Kd5 Kd7 35. b3 Bb6 36. Kc4 Nd4 37. Nxd4 Bxd4 38. Kd5 c6+ 39. Kc4 Bb6 40.
Bb4 Bd8 41. Bc5 Bc7 42. Kb4 Bd8 43. Be3 Bc7 44. Kc5 Bd8 45. Bd2 Bc7 46. Kb4
Bd6+ 47. Ka4 Bc7 48. bxc6+ bxc6 49. Ba5 Bd6 50. Bb6 Be7 51. Ka5 Ba3 52. Be3 Be7
53. Ka6 Bd6 54. Kb7 Be7 55. Kb6 Bd8+ 56. Ka6 Be7 57. Ka5 Bd8+ 58. Bb6 Be7 59.
b4 Kc8 60. Be3 Kc7 61. b5 cxb5 62. Kxb5 Kd7 63. Bc5 Bd8 64. Bb4 Bc7 65. Ka6 Bd8
66. Kb7 Ke6 67. Kc6 Kf7 1/2-1/2

[Event "Dortmund Sparkassen 2019"]
[Site "Dortmund GER"]
[Date "2019.07.17"]
[Round "4"]
[White "Dominguez Perez, Leinier"]
[Black "Radjabov, Teimour"]
[Result "1/2-1/2"]
[WhiteElo "2760"]
[BlackElo "2759"]
[PlyCount "83"]
[EventDate "2019.07.13"]

1. e4 e5 2. Nf3 Nc6 3. Bb5 Nf6 4. d3 d6 5. O-O Bd7 6. Re1 g6 7. d4 Bg7 8. d5
Ne7 9. Bxd7+ Nxd7 10. Be3 h6 11. Nfd2 f5 12. f3 Nf6 13. c4 c6 14. Nc3 O-O 15.
Qb3 cxd5 16. cxd5 Rf7 17. Rac1 fxe4 18. Ndxe4 Nf5 19. Bf2 Nxe4 20. Nxe4 Kh8 21.
Rc4 Qd7 22. a4 Nd4 23. Qb4 Rd8 24. Qa5 b6 25. Qb4 Kg8 26. Bxd4 exd4 27. Rc6 Be5
28. Nf2 Qf5 29. Re4 Qg5 30. h4 Qg3 31. Rg4 Qh2+ 32. Kf1 Kh7 33. Qc4 h5 34. Rc7
Rdd7 35. Rxd7 Rxd7 36. Re4 Rf7 37. b3 Kg7 38. Qc8 Rf8 39. Qd7+ Rf7 40. Qc8 Rf8
41. Qc7+ Rf7 42. Qc8 1/2-1/2

[Event "Dortmund Sparkassen 2019"]
[Site "Dortmund GER"]
[Date "2019.07.17"]
[Round "4"]
[White "Nepomniachtchi, Ian"]
[Black "Wojtaszek, Radoslaw"]
[Result "1/2-1/2"]
[WhiteElo "2775"]
[BlackElo "2737"]
[PlyCount "90"]
[EventDate "2019.07.13"]

1. e4 c5 2. Nf3 d6 3. d4 cxd4 4. Nxd4 Nf6 5. Nc3 a6 6. h3 e6 7. g4 h6 8. Bg2
Be7 9. Qd3 Nc6 10. Nxc6 bxc6 11. e5 Nd5 12. exd6 Bxd6 13. Ne4 Bc7 14. c4 Nf4
15. Qxd8+ Kxd8 16. Kf1 f5 17. Nc5 Nxg2 18. Kxg2 e5 19. gxf5 Bxf5 20. Re1 Re8
21. Bf4 Re7 22. Bg3 Ke8 23. Rad1 Kf7 24. Ne4 Rb8 25. b3 Rd8 26. Rxd8 Bxd8 27.
Nd6+ Kf6 28. Nxf5 Kxf5 29. Rd1 Bb6 30. Rd6 Re6 31. Rd7 g5 32. b4 Bd4 33. a4 Bc3
34. Rb7 Rd6 35. Rb6 Rd4 36. Rxc6 Bxb4 37. Rxa6 Rxc4 38. Rxh6 Ba5 39. h4 Rxa4
40. hxg5 Bd2 41. Rf6+ Kxg5 42. Bxe5 Re4 43. f4+ Bxf4 44. Rxf4 Rxf4 45. Bxf4+
Kxf4 1/2-1/2

[Event "Ding Liren - Andreikin 2019"]
[Site "http://www.chessbomb.com"]
[Date "2019.07.15"]
[Round "1"]
[White "Ding, Liren"]
[Black "Andreikin, Dmitry"]
[Result "1/2-1/2"]
[WhiteElo "2812"]
[BlackElo "2727"]
[PlyCount "144"]

1. c4 e5 2. Nc3 d6 3. g3 g6 4. d4 Bg7 5. dxe5 dxe5 6. Qxd8+ Kxd8 7. Bg2 c6 8.
Nf3 Be6 9. Ng5 Bxc4 10. b3 h6 11. bxc4 hxg5 12. Ne4 Nd7 13. Nd6 Nh6 14. Bxg5+
Kc7 15. Bxh6 Bxh6 16. Nxf7 Rh7 17. Nxh6 Rxh6 18. h4 Nc5 19. Kd2 Rd8+ 20. Ke3
Rd4 21. Rac1 Rh8 22. Rhd1 Rhd8 23. Rxd4 Rxd4 24. Rc2 a5 25. Kf3 Kd6 26. e3 Rd1
27. Kg4 Ke7 28. f4 Re1 29. f5 gxf5+ 30. Kxf5 Rxe3 31. g4 Ne6 32. Rb2 b5 33.
cxb5 cxb5 34. h5 Nd4+ 35. Kg6 Rg3 36. Kg5 a4 37. h6 a3 38. Rf2 Ne6+ 39. Kf5 Nf8
40. Bd5 b4 41. Bg8 e4 42. Re2 e3 43. h7 Rf3+ 44. Ke4 Rh3 45. Rxe3 Nxh7 46. Rxh3
Ng5+ 47. Kf5 Nxh3 48. Bc4 Nf2 49. g5 Kf8 50. Kg6 Ne4 51. Kh6 Nd6 52. Kh7 Ne4
53. Kh6 Nd6 54. Bb3 Nf5+ 55. Kh7 Nd6 56. Bc2 Nf7 57. Kg6 Ne5+ 58. Kf5 Nd7 59.
Kg6 Ne5+ 60. Kh7 Nf7 61. g6 Ng5+ 62. Kh6 Ne6 63. Bb3 Ng7 64. Kg5 Ke7 65. Bf7
Kf8 66. Kf6 Nh5+ 67. Ke5 Kg7 68. Kd4 Nf4 69. Kc4 Nxg6 70. Bxg6 Kxg6 71. Kxb4
Kf6 72. Kxa3 Ke5 1/2-1/2

[Event "Ding Liren - Andreikin 2019"]
[Site "http://www.chessbomb.com"]
[Date "2019.07.16"]
[Round "2"]
[White "Andreikin, Dmitry"]
[Black "Ding, Liren"]
[Result "1-0"]
[WhiteElo "2727"]
[BlackElo "2812"]
[PlyCount "59"]

1. e4 e5 2. Nf3 Nc6 3. Bb5 a6 4. Ba4 Nf6 5. O-O Be7 6. Re1 b5 7. Bb3 O-O 8. d4
d6 9. c3 Bg4 10. d5 Na5 11. Bc2 c6 12. h3 Bxf3 13. Qxf3 cxd5 14. exd5 Nc4 15.
Nd2 Nb6 16. Nf1 Re8 17. Ng3 g6 18. Bh6 Rc8 19. a4 b4 20. a5 bxc3 21. axb6 cxb2
22. Rxa6 Rxc2 23. Qb3 Qc8 24. b7 Qc3 25. Qxc3 Rxc3 26. Rb6 Rb8 27. Rxb2 Nxd5
28. Ra1 Bd8 29. Ra8 Bc7 30. Bd2 1-0